Wpływ filtra siatkowego zamontowanego w instalacji opryskiwacza na straty owadobójczych nicieni / (Rekord nr 9699)
| 000 -ETYKIETA REKORDU | |
|---|---|
| podpole kontrolne o stałej długości | 00757nas a22001577a 4500 |
| 001 - NUMER KONTROLNY REKORDU | |
| podpole kontrolne | 9699 |
| 003 - IDENTYFIKATOR NUMERU KONTROLNEGO REKORDU | |
| podpole kontrolne | KOSZ 005 |
| 005 - DATA OSTATNIEJ MODYFIKACJI REKORDU | |
| podpole kontrolne | 20180406123332.0 |
| 008 - POLE O STAŁEJ DŁUGOŚCI - DANE KONTROLNE | |
| podpole kontrolne o stałej długości | 180416s2012 pl n f |000 0pol |
| 040 ## - ŹRÓDŁO KATALOGOWANIA | |
| Instytucja, która utworzyła rekord | KOSZ 005/MD |
| 100 1# - NAZWA OSOBOWA | |
| Nazwa osobowa | CHOJNACKI, Jerzy. |
| Instytucja | Politechnika Koszalińska - Wydział Mechaniczny, |
| Wydział | Katedra Agroinżynierii |
| Lata pracy | 2006 - . |
| 245 10 - TYTUŁ/ODPOWIEDZIALNOŚĆ | |
| Tytuł | Wpływ filtra siatkowego zamontowanego w instalacji opryskiwacza na straty owadobójczych nicieni / |
| Pozostałe elementy strefy tytułu i oznaczenia odpowiedzialności | Jerzy Chojnacki, Robert Bujaczek. |
| 700 ## - HASŁO DODATKOWE - NAZWA OSOBOWA | |
| Nazwa osobowa | BUJACZEK, Robert. |
| Instytucja | Politechnika Koszalińska - Wydział Mechaniczny, |
| Wydział | Katedra Agroinżynierii |
| Lata pracy | 2012 - . |
| 773 0# - TYTUŁ DOKUMENTU MACIERZYSTEGO | |
| Wyrażenie wprowadzające | W : |
| Tytuł | Journal of Research and Applications in Agricultural Engineering. - |
| Informacje dotyczące relacji | 2012, T. 57, z. 3, s. 37-40 |
| ISSN | 1642-686X |
| 942 ## - HASŁO DODATKOWE - ELEMENTY(KOHA) | |
| Schemat klasyfikacji | Uniwersalna klasyfikacja dziesiętna |
| Typ dokumentu | Artykuł |
Brak dostępnych egzemplarzy.
